03065nam a2200433 a 4500001001200000003000800012006001900020007001500039008004100054010001700095020003900112020003600151040002100187035002100208050002300229082001500252245013000267260005400397300001500451490003600466500014200502504005100644505122400695533015201919650003902071650003702110650003802147650005602185650002802241650003202269650005802301655002902359700002602388700002002414710001702434830003702451856012602488999001702614ebr10286064CaPaEBRm u cr cn|||||||||080410s2008 riu sb 101 0 eng  z 2008016542 z9781930675551 (cloth : alk. paper) z1930675550 (cloth : alk. paper) aCaPaEBRcCaPaEBR a(OCoLC)50344162914aBM565b.J49 2008eb04a296.0922200aJewish literatures and culturesh[electronic resource] :bcontext and intertext /cedited by Anita Norich and Yaron Z. Eliav. aProvidence, R.I. :bBrown Judaic Studies,cc2008. axi, 260 p.1 aBrown Judaic studies ;vno. 349 a"Most of the essays ... emerged from a conference held at the University of Michigan's Frankel Center for Judaic Studies"-- Introduction. aIncludes bibliographical references and index.0 aJewish literatures and cultures : context and intertext / Anita Norich -- From continuity to contiguity : thoughts on the theory of Jewish literature / Dan Miron -- Beyond influence : toward a new historiographic paradigm / Michael L. Satlow -- Hellenistic Judaism : myth or reality? / Gabriele Boccaccini -- "He was renowned to the ends of the earth" (1 Maccabees 3:9) : Judaism and Hellenism in 1 Maccabees / Martha Himmelfarb -- Roman statues, rabbis, and Greco-Roman culture / Yaron Z. Eliav -- The ghetto and Jewish cultural formation in early modern Europe : towards a new interpretation / David Ruderman -- Hybrid with what? : the variable contexts of Polish Jewish culture : their implications for Jewish cultural history and Jewish studies / Moshe Rosman -- Idols of the cave and theater : a verbal or visual Judaism? / Kalman P. Bland -- "Reverse marranism," translatability, and practice of secular Jewish culture in Russian / Gabriella Safran -- Intertextuality, Rabbinic literature, and the making of Hebrew modernism / Shachar Pinsker -- Brooklyn am Rhein? : the German sources of Jewish-American literature / Julian Levinson -- Diaspora and translation : the migrations of Jewish meaning / Naomi Seidman. aElectronic reproduction.bPalo Alto, Calif. :cebrary,d2013.nAvailable via World Wide Web.nAccess may be limited to ebrary affiliated libraries. 0aJudaismy20th centuryvCongresses. 0aJudaism and culturevCongresses. 0aReligion and culturevCongresses. 0aJudaismxHistoryyModern period, 1750-vCongresses. 0aSecularismvCongresses. 0aJewsxIdentityvCongresses. 0aJewish literaturexHistory and criticismvCongresses. 7aElectronic books.2local1 aNorich, Anita,d1952-1 aEliav, Yaron Z.2 aebrary, Inc. 0aBrown Judaic studies ;vno. 349.40uhttp://site.ebrary.com/lib/rucke/Doc?id=10286064zAn electronic book accessible through the World Wide Web; click to view c17020d17020